00243nam a2200097Ia 4500008004100000100001800041245003300059260003600092300000900128650000800137191201s2015 xx 000 0 und d aBHARGAVA,M.L. 0aBusiness Mathematics-1st Sem aN. DelhibJeevan Sons Pubc2015 amisc aBBA